| 000 | 00403pab a2200157 454500 | ||
|---|---|---|---|
| 008 | 180718b1996 xxu||||| |||| 00| 0 eng d | ||
| 245 | _aREVIEW of industry and management | ||
| 260 | _c1996 | ||
| 300 | _ap.M2-M44 | ||
| 362 | _a25 May | ||
| 650 | _aManagement - India | ||
| 650 | _aIndia - Industries | ||
| 650 | _aIndustrial development | ||
| 773 | _aEconomic and Political Weekly | ||
| 909 | _a31458 | ||
| 999 |
_c31458 _d31458 |
||